000
00213nam a22000857a 4500
008
160804b xxu||||| |||| 00| 0 eng d
100
_9
26
_a
Egmont
245
_a
The Shooting Stars
260
_a
USA
_b
Orion Publication
_c
2009
999
_c
2676
_d
2676